Speakers of German Parliament since 1867 - with Picture - Statistics

General Stats
  • This quiz has been taken 7 times
    5 since last reset
  • The average score is 10 of 35
Answer Stats
Picture Hint Answer % Correct
since 2021
to be elected
Bundestagspräsidentin
Social Democratic Party of Germany
Bärbel Bas
80%
2017-2021
Angela Merkel
Bundestagspräsident
Christian Democratic Union of Germany
Wolfgang Schäuble
80%
1932-1945
Papen, Schleicher, Hitler
Reichstagspräsident
NSDAP
Hermann Göring
60%
2005-2017
Angela Merkel
Bundestagspräsident
Christian Democratic Union of Germany
Norbert Lammert
60%
1920-1924, 1925-1932
Müller, Fehrenbach, Wirth, Cuno, Stresemann, Marx, Luther, Geßler, Brüning, Papen
Reichstagspräsident
Social Democratic Party of Germany
Paul Löbe
60%
1983-1984
Helmut Kohl
Bundestagspräsident
Christian Democratic Union of Germany
Rainer Barzel
60%
1988-1998
Helmut Kohl
Bundestagspräsidentin
Christian Democratic Union of Germany
Rita Süssmuth
60%
1990
Lothar de Maizière
Präsidentin der Volkskammer
Christian Democratic Union of Germany
Sabine Bergmann-Pohl
60%
1998-2005
Gerhard Schröder
Bundestagspräsident
Social Democratic Party of Germany
Wolfgang Thierse
60%
1880-1881
Otto von Bismarck
Reichstagspräsident
no party, member of the parliamentary group of the Free Conservative Party
Adolf von Arnim-Boitzenburg
40%
1918
Max von Baden
Reichstagspräsidenten
Catholic Centre Party
Constantin Fehrenbach
40%
1867-1874
Otto von Bismarck
Reichstagspräsident
National Liberal Party, no parliamentary group
Eduard von Simson
40%
1950-1954
Konrad Adenauer
Bundestagspräsident
Christian Democratic Union of Germany
Hermann Ehlers
40%
1976-1989
Willi Stoph
Präsident der Volkskammer
Socialist Unity Party of Germany
Horst Sindermann
40%
1969-1974
Kiesinger, Brandt
Bundestagspräsident
Christian Democratic Union of Germany
Kai-Uwe von Hassel
40%
1976-1979
Helmut Schmidt
Bundestagspräsident
Christian Democratic Union of Germany
Karl Carstens
40%
1874-1879
Otto von Bismarck
Reichstagspräsident
National Liberal Party
Max von Forckenbeck
40%
1972-1976
Brandt, Schmidt
Bundestagspräsidentin
Social Democratic Party of Germany
Annemarie Renger
20%
1924-1925
Wilhelm Marx
Reichstagspräsident
German National People's Party
Max Wallraf
20%
1879-1880
Otto von Bismarck
Reichstagspräsident
German Conservative Party
Otto von Seydewitz
20%
1984-1988
Helmut Kohl
Bundestagspräsident
Christian Democratic Union of Germany
Philipp Jenninger
20%
1979-1983
Schmidt, Kohl
Bundestagspräsident
Christian Social Union in Bavaria
Richard Stücklen
20%
1881-1884, 1888-1895
Bismarck, Caprivi, Schillingsfürst
Reichstagspräsident
German Conservative Party
Albert von Levetzow
0%
1949-1950
Konrad Adenauer
Bundestagspräsident
Christian Democratic Union of Germany
Erich Köhler
0%
1954-1969
Adenauer, Erhard, Kiesinger
Bundestagspräsident
Christian Democratic Union of Germany
Eugen Gerstenmaier
0%
1898-1907
Schillingsfürst, Bülow
Reichstagspräsident
Catholic Centre Party
Franz von Ballestrem
0%
1969-1976
Stoph, Sindermann
Präsident der Volkskammer
Christian Democratic Union (East-Germany) (Bloc party)
Gerald Götting
0%
1989-1990
Hans Modrow
Präsident der Volkskammer
Democratic Farmers' Party of Germany (Bloc party)
Günther Maleuda
0%
1881
Otto von Bismarck
Reichstagspräsident
German Conservative Party
Gustav von Goßler
0%
1910-1912
Theobald von Bethmann Hollweg
Reichstagspräsident
German Conservative Party
Hans von Schwerin-Löwitz
0%
1949-1969
Grotewohl, Stoph
Präsident der Volkskammer
Liberal Democratic Party of Germany (Bloc party)
Johannes Dieckmann
0%
1912-1918
Hollweg, Michaelis, Hertling
Reichstagspräsident
Progressive People's Party
Johannes Kaempf
0%
1895-1898
Chlodwig zu Hohenlohe-Schillingsfürst
Reichstagspräsident
Catholic Centre Party
Rudolf von Buol-Berenberg
0%
1907-1910
Bülow, Hollweg
Reichstagspräsident
German Conservative Party
Udo zu Stolberg-Wernigerode
0%
1884-1888
Otto von Bismarck
Reichstagspräsident
Free Conservative Party
Wilhelm von Wedel-Piesdorf
0%
No matching quizzes found
Score Distribution
Percent of People with Each Score
Percentile by Number Answered
Your Score History
You have not taken this quiz since the last reset